000 00345nam a22001577a 4500
003 OSt
020 _aNA
040 _c0
_d0
082 _222
_a627
100 _aKhurmi RS
245 _aText Book of Hydraulic /
260 _aNA,
_bS. Chand and Co. Gauhati,
_cc1988.
300 _a630 p. ;
_bill. ;
942 _2ddc
_cCIVIL
_08
999 _c5187
_d5187
999 _c5519
_d5519